| 000 | 00459ntaaa2200181 4500 | ||
|---|---|---|---|
| 003 | 01 | ||
| 005 | 20251027202955.0 | ||
| 008 | 0714s1973 ag 01 | ||
| 040 |
_aAR-BaBN _bspa _cAR-BaBN _eaacr _dRIC |
||
| 082 | _a982.0000 As8 | ||
| 100 |
_aAstolfi, José Carlos _930454 |
||
| 245 | _aCurso de historia argentina | ||
| 250 | _a1 ed. | ||
| 260 |
_aBuenos Aires : _bEditorial Kapelusz, _cc1950 |
||
| 300 | _a407 p | ||
| 650 | _aArgentina-historia | ||
| 942 | _cBK | ||
| 999 |
_c25129 _d25129 |
||